| 000 | 00000nam##2200000za#4500 |
| 001 | 9.692869 |
| 003 | CaOODSP |
| 005 | 20210624233416 |
| 007 | cr ||||||||||| |
| 008 | 150407|2009||||xxc|||||o f|0| 0 eng|d |
| 020 | |a978-1-100-14241-8 |
| 040 | |aCaOODSP|beng |
| 043 | |an-cn--- |
| 086 | 1 |aHS43-2/4-1-2009E-PDF |
| 110 | 1 |aCanada. |bHuman Resources and Skills Development Canada. |
| 245 | 10|aDocument use self-assessment / |h[electronic resource]|c[by] Office of Literacy and Essential Skills. |
| 260 | |aOttawa - Ontario : |bHuman Resources and Skills Development Canada |cc2009. |
| 300 | |a4p.|btables |
| 500 | |aThe catalogue number (HS43-2/4-1-2009E) and ISBN (978-1-100-14240-1) for the print edition have been incorrectly copied in this electronic publication. |
| 590 | |a12-24-Supp|b2012-05-30 |
| 856 | 40|ahttp://publications.gc.ca|qPDF|s1721 KB|uhttps://publications.gc.ca/collections/collection_2011/rhdcc-hrsdc/HS43-2-4-1-2009-eng.pdf |